000 00265nam a2200109Ia 4500
008 200302s9999 xx 000 0 und d
100 _aTomas F. Banchoff
245 _aBeyibd The Third Dimensions
260 _bA Division of Hphlp
260 _c1990
300 _a210 P.,
999 _c2395
_d2395